El punto de vista soviético sobre el pacto mólotov-ribbentrop /

En agosto de 1939 se firmó en Moscú el Pacto de no agresión germano-soviético entre los Ministros de Exteriores de Alemania y la URSS, Joachim Ribbentrop y Viacheslav Mijailovich 'Mólotov', respectivamente. Lo que nos planteamos en este artículo es una revisión coherente del punto de vista...

Description complète

Enregistré dans:
Détails bibliographiques
Auteur principal: Sánchez de las Matas Martín, María
Format: Texte
Sujets:
Tags: Ajouter un tag
Pas de tags, Soyez le premier à ajouter un tag!

MARC

LEADER 00000 a a2200000 04500
001 13728
003
040
100 |a Sánchez de las Matas Martín, María  
245 |a El punto de vista soviético sobre el pacto mólotov-ribbentrop /  |c María Sánchez de las Matas Martín 
520 |a En agosto de 1939 se firmó en Moscú el Pacto de no agresión germano-soviético entre los Ministros de Exteriores de Alemania y la URSS, Joachim Ribbentrop y Viacheslav Mijailovich 'Mólotov', respectivamente. Lo que nos planteamos en este artículo es una revisión coherente del punto de vista estrictamente soviético sobre tal acuerdo, así como sobre el Protocolo secreto adicional al Pacto. Esta revisión incluye la autocrítica histórica oficial realizada por la Unión Soviética sobre el Pacto y el Protocolo a través de la Comisión del Congreso presidida por Alexandr Yákovlev  
650 |a RELACIONES INTERNACIONALES  
650 |a HISTORIA  
650 |a URSS  
773 |g volumen 86, número 1; páginas 179-195  
999 |c 26416  |d 26416